ਪੰਜ ਪਾਕਿਸਤਾਨੀ ਪੰਜਾਬੀ ਨਾਵਲਿਟ (Record no. 1226313)

MARC details
000 -LEADER
fixed length control field 00811nam a2200229Ia 4500
003 - CONTROL NUMBER IDENTIFIER
control field OSt
005 - DATE AND TIME OF LATEST TRANSACTION
control field 20260114142739.0
008 - FIXED-LENGTH DATA ELEMENTS--GENERAL INFORMATION
fixed length control field 241129s9999||||xx |||||||||||||| ||und||
020 ## - INTERNATIONAL STANDARD BOOK NUMBER
International Standard Book Number 978-81-7599-440-9
037 ## - SOURCE OF ACQUISITION
Stock number TB
040 ## - CATALOGING SOURCE
Original cataloging agency ARTS
Language of cataloging pun
Transcribing agency ARTS
041 ## - LANGUAGE CODE
Language code of text/sound track or separate title pun
Source of code pun
084 ## - COLON CLASSIFICATION NUMBER
Classification number O44Q7,3x 153R1
Assigning agency ARTS
100 ## - MAIN ENTRY--PERSONAL NAME
Personal name ਧੀਮਾਨ, ਹਰਬੰਸ ਸਿੰਘ, ੳਗ।
9 (RLIN) 168295
245 #0 - TITLE STATEMENT
Title ਪੰਜ ਪਾਕਿਸਤਾਨੀ ਪੰਜਾਬੀ ਨਾਵਲਿਟ
Statement of responsibility, etc. ਧੀਮਾਨ, ਹਰਬੰਸ ਸਿੰਘ, ੳਗ।
260 ## - PUBLICATION, DISTRIBUTION, ETC.
Place of publication, distribution, etc. ਭਾਰਤ
Name of publisher, distributor, etc. ਦਿੱਲੀ ਨਵਯੁਗ ਪਬਲਕਿੇਸਨ
Date of publication, distribution, etc. 2021
300 ## - PHYSICAL DESCRIPTION
Extent 366ਪ੍ਰ0
365 ## - TRADE PRICE
Price type code INR
Price amount 700
650 ## - SUBJECT ADDED ENTRY--TOPICAL TERM
Topical term or geographic name entry element Punjabi Fiction
9 (RLIN) 179734
942 ## - ADDED ENTRY ELEMENTS (KOHA)
Koha item type Textbook
Classification part O44Q7,3x 153R1
Source of classification or shelving scheme Colon Classification (CC)
Suppress in OPAC No
Holdings
Withdrawn status Lost status Source of classification or shelving scheme Damaged status Not for loan Home library Current library Date acquired Source of acquisition Cost, normal purchase price Inventory number Total Checkouts Full call number Barcode Date last seen Price effective from Koha item type
    Colon Classification (CC)     Arts Library Arts Library 2024-11-29 H.K. Prakashan 700.00 1525 & 06/02/2023   O44Q7,3x 153R1 AL1667346 2024-11-29 2024-11-29 Textbook
Copyright @ Delhi University Library System